Političeskaja ekonomija i sozdanije sovremennogo kursa ekonomičeskoj teorii.
Zmeny v spoločenskom rozvoji vyžadujú zmeny vo výučbe politickej ekonómie. Nové kurzy ekonomickej teórie musia prekročiť rámec politickoekonomickej matérie a rešpektovať pragmatické zameranie učebného procesu. Vymedzenie predmetu "ekonomickej teórie" vo svetle diskusií o predmete politickej ekonómie...
Salvato in:
| Autore principale: | |
|---|---|
| Natura: | Capitolo di libro |
| Lingua: | russo |
| Soggetti: | |
| Tags: |
Nessun Tag, puoi essere il primo ad aggiungerne!!
|
MARC
| LEADER | 00000naa a2200000 4500 | ||
|---|---|---|---|
| 001 | r003270 | ||
| 005 | 20221130102935.6 | ||
| 041 | 0 | |a rus | |
| 044 | |a [SU] | ||
| 245 | 1 | 0 | |a Političeskaja ekonomija i sozdanije sovremennogo kursa ekonomičeskoj teorii. |c A. Sidorovič |
| 520 | |a Zmeny v spoločenskom rozvoji vyžadujú zmeny vo výučbe politickej ekonómie. Nové kurzy ekonomickej teórie musia prekročiť rámec politickoekonomickej matérie a rešpektovať pragmatické zameranie učebného procesu. Vymedzenie predmetu "ekonomickej teórie" vo svetle diskusií o predmete politickej ekonómie. Prehľad rôznych prístupov k tvorbe nového kurzu. | ||
| 610 | 2 | 0 | |a ekonómia politická |
| 610 | 2 | 0 | |a vyučovanie |
| 610 | 2 | 0 | |a ZSSR |
| 610 | 2 | 0 | |a štúdium vysokoškolské |
| 100 | 1 | |a Sidorovič, A. | |